Women's evangelical commentary, New Testament / (Record no. 8154)

MARC details
000 -LEADER
fixed length control field 00915cam a2200289 a 4500
001 - CONTROL NUMBER
control field 118921
003 - CONTROL NUMBER IDENTIFIER
control field GBCCL
005 - DATE AND TIME OF LATEST TRANSACTION
control field 20241126110644.0
008 - FIXED-LENGTH DATA ELEMENTS--GENERAL INFORMATION
fixed length control field 060619s2006 tnuab 001 0 eng d
020 ## - INTERNATIONAL STANDARD BOOK NUMBER
International Standard Book Number 0805428550
020 ## - INTERNATIONAL STANDARD BOOK NUMBER
International Standard Book Number 9780805495676
024 3# -
-- 9780805428551
035 ## - SYSTEM CONTROL NUMBER
System control number (OCoLC)ocm70136846
040 ## - CATALOGING SOURCE
Original cataloging agency TNE
Transcribing agency TNE
Modifying agency LBB
049 ## -
-- LBBK
082 ## - DEWEY DECIMAL CLASSIFICATION NUMBER
Classification number 225.7
Item number WOM
090 ## - LOCALLY ASSIGNED LC-TYPE CALL NUMBER (OCLC); LOCAL CALL NUMBER (RLIN)
Classification number (OCLC) (R) ; Classification number, CALL (RLIN) (NR) BS2341.2
Local cutter number (OCLC) ; Book number/undivided call number, CALL (RLIN) .W65 2006
245 00 - TITLE STATEMENT
Title Women's evangelical commentary, New Testament /
Statement of responsibility, etc. edited by Dorothy Kelley Patterson & Rhonda Harrington Kelley.
260 ## - PUBLICATION, DISTRIBUTION, ETC.
Place of publication, distribution, etc. Nashville, Tenn. :
Name of publisher, distributor, etc. Broadman & Holman Publishers,
Date of publication, distribution, etc. 2011, c2006.
300 ## - PHYSICAL DESCRIPTION
Extent xxxiii, 993 p. :
Other physical details ill., maps (some col.) ;
Dimensions 25 cm.
500 ## - GENERAL NOTE
General note Includes index.
630 00 - SUBJECT ADDED ENTRY--UNIFORM TITLE
Uniform title Bible.
Name of part/section of a work N.T.
Form subdivision Commentaries.
9 (RLIN) 1362
650 #0 - SUBJECT ADDED ENTRY--TOPICAL TERM
Topical term or geographic name entry element Women.
9 (RLIN) 7503
700 1# - ADDED ENTRY--PERSONAL NAME
Personal name Patterson, Dorothy Kelley,
Dates associated with a name 1943-
9 (RLIN) 14195
700 1# - ADDED ENTRY--PERSONAL NAME
Personal name Kelley, Rhonda.
9 (RLIN) 14196
942 ## - ADDED ENTRY ELEMENTS (KOHA)
Source of classification or shelving scheme Dewey Decimal Classification
Koha item type Reference Books
Holdings
Withdrawn status Lost status Source of classification or shelving scheme Damaged status Not for loan Home library Current Library Shelving location Date acquired Source of acquisition Cost, normal purchase price Total checkouts Full call number Barcode Date last seen Copy number Cost, replacement price Price effective from Koha item type
    Dewey Decimal Classification     GRACE BIBLE COLLEGE GRACE BIBLE COLLEGE Commentary 2019-06-17 6 2360.00   225.7 WOM 013641 2025-05-01 c.1 2360.00 2019-06-17 Reference Books
    Dewey Decimal Classification     GRACE BIBLE COLLEGE GRACE BIBLE COLLEGE Commentary 2019-06-17 6 2360.00   225.7 WOM 013642 2025-05-01 c.2 2360.00 2019-06-17 Reference Books
© Grace Bible College Library 2025